Cities of Fayette County, Iowa - Statistics

General Stats
  • This quiz has been taken 43 times
  • The average score is 11 of 16
Answer Stats
Cities % Correct
1 Oelwein
100%
13 Westgate
100%
5 Fairbank
75%
4 Fayette
75%
8 Maynard
75%
15 Stanley
75%
12 Wadena
75%
2 West Union
75%
10 Arlington
50%
7 Clermont
50%
6 Elgin
50%
9 Hawkeye
50%
16 Randalia
50%
14 St. Lucas
50%
3 Sumner
50%
11 Waucoma
50%
No matching quizzes found
Score Distribution
Percent of People with Each Score
Percentile by Number Answered
Your Score History
You have not taken this quiz